00366 a2200145 4500003000400000005001700004008004100021020001500062040000900077082001900086100001700105245003300122260003400155300003100189OSt20240905120021.0231017b |||||||| |||| 00| 0 eng d a9953751145 coclc a891.733bTOL/W aTolstoy, Leo aWAR AND PEACE /cLeo Tolstoy aBeirut:bDar al-Bihar,c2005. a1021 p vol 1, 1005 p vol 2